00984cam a22002894a 450000100090000000300070000900500170001600800410003301000170007402000180009104000210010904200080013004300120013805000240015008200120017410000180018624500470020426000430025130000330029450000190032750400510034650501930039760000170059060000210060765000150062865100510064313673674ZET-ke20190730174926.0040802s2005 ohua b 001 0 eng  a 2004111236 a9780170104623 aDLCcZET-kedDLC apcc an-us---00aHB171.5b.T748 200200a3302221 aLayton, Allan10aEconomics for today /cAllan, Layton.et.al aAustralia :bCengage, Learningcc2002. axx, 596 p. :bill. ;c27 cm. aincludes index aIncludes bibliographical references and index. aIntroduction to economics -- Microeconomic fundamentals -- Market structures -- Macroeconomic fundamentals -- Macroeconomic theory and policy -- Further aspects of international economics. aRobinson,Tim aTucker, Irvin B. 0aEconomics. 0aUnited StatesxEconomic conditionsy2001-2009.